000 00343nam a2200145Ia 4500
008 180921t xxu||||| |||| 00| 0 eng d
041 _aeng
080 _a61(x)
_bEDI
100 _aEdiriweera, S.A.
245 _aSome lessons from surgeon
300 _a23 ill., 22 cm
942 _cBK
999 _c18928
_d18928
003 LK-CoDNM
040 _aLK-CoDNM
_dLK-CoDNM
_eLK-CoDNM